Nielen o Eláne

Bibliographic Details
Main Authors: Ráž, Jozef, 1954- (Author), Ťapajová, Elena, 1944-2023 (Author)
Format: Article
Language:Slovak
PhysicalDescription:Fot. 5.
Subjects:

MARC

LEADER 00000nab a2200000 a 4500
001 vtls000454423
003 SK-MaSNL
005 20260303210640.0
008 160215c1992 xo 0 slo
015 |a SNBRB19rr/mm-uuuuu 
035 |a CL0454554 
040 |a SNKBUCL  |b slo  |c SNKBUCL  |e AACR2 
041 0 |a slo 
044 |a xo  |c SK 
080 |a 78.071.1/.2:784.66  |2 1981 
080 |a 784.66  |2 1981 
080 |a 929 Ráž, Jozef  |2 1981 
100 1 |a Ráž, Jozef,  |d 1954-  |4 aut  |9 105493 
245 1 0 |a Nielen o Eláne  |c Jozef Ráž, Elena Ťapajová 
300 |b Fot. 5. 
600 1 7 |a Ráž, Jozef,  |d 1954-  |2 snkbucl  |9 105493 
655 7 |a články z novín a časopisov  |2 snkbucl  |9 267496 
700 1 |a Ťapajová, Elena,  |d 1944-2023  |4 aut  |9 5234 
773 0 |t Slovenka  |g Roč. 44, č. 23 (1992), s. 20-21 
850 |a Slovenská národná knižnica v Martine  |a MTA001 
852 |a SNK  |b KIS3GCP 
958 |a BX 
958 |a RK 
992 |a RBX 
999 |c 2201082  |d 2203012